000 00697nam a2200205 a 4500
001 000011143
005 20240412074223.0
008 091014s1992 dr r 000 p spa d
040 _aDO-SdBNP
_bspa
_cBNPHU
082 _aRD861.44
_bR457p
100 1 _aReyes-Vásquez, Radhamés,
_d1952-
_926656
245 1 0 _aSi puedes tú con Dios hablar /
_cRadhamés Reyes-Vásquez.
260 _aSanto Domingo :
_bAlfa y Omega,
_c1992.
300 _a65 p. ;
_c21 cm.
500 _aIncluye datos biográficos del autor en la solapa de la cubierta
590 _aInventariado, 2018/BT
650 0 _aPoesía dominicana
_966
650 0 _aLiteratura dominicana.
_967
910 _aValidado. Control de calidad. MFF
999 _c10868
_d10868